عرض عادي
عرض مارك
- مسلم، عدنان أحمد
مدخل إسم شخص
001 - رقم الضبط
- حقل الضبط: 65014
003 - معرف رقم الضبط
- حقل الضبط: OSt
005 - تاريخ ووقت أخر عملية
- حقل الضبط: 20181018122906.0
008 - عناصر بيانات ثابتة الطول
- حقل تحكم ثابت الطول: 181018|| aca||aabn | a|a d
040 ## - مصدر الفهرسة
- هيئة الفهرسة الأصلية: OSt
- وكالة الكتابة: OSt
100 ## - مدخل -- أسم شخص
- إسم شخص: مسلم، عدنان أحمد
670 ## - بيانات المصدر موجوده
- الاستشهاد بالمصدر: Work cat.: (OSt)75187: مسلم، عدنان أحمد, دليل الباحث في البحث الاجتماعي /, 2013
